Score 0/20 Timer 02:00
0 Plays Today
Movie Missing Word % Correct
Toy _____ 2Story
99.2%
10 Things I _____ About YouHate
95.2%
The _____ SenseSixth
94.1%
The _____ Witch ProjectBlair
92.7%
Wild Wild _____West
92%
Eyes _____ ShutWide
90.4%
Boys Don't ____Cry
90%
Inspector _____Gadget
87.5%
The Green _____Mile
84.5%
Star Wars Episode 1: The _____ MenacePhantom
81.5%
Movie Missing Word % Correct
Cruel _____Intentions
81.1%
_____ John MalkovichBeing
80.1%
_____ ClubFight
73.4%
_____, InterruptedGirl
71.5%
_____ BeautyAmerican
71.4%
October _____Sky
52.2%
The _____ SaintsBoondock
47.1%
The _____ SuicidesVirgin
46.6%
_____ HillNotting
46%
_____ SpaceOffice
28.9%

Today's Daily Dose

Remove Ads.
Support Sporcle.
Get the best of Sporcle when you Go Orange. This ad-free experience offers more features, more stats, and more fun while also helping to support Sporcle. Thank you for becoming a member.

You're not logged in!

Compare scores with friends on all Sporcle quizzes.
OR
Log In

Show Comments

Extras

Top Quizzes Today


Score Distribution

Your Account Isn't Verified!

In order to create a playlist on Sporcle, you need to verify the email address you used during registration. Go to your Sporcle Settings to finish the process.

Report this User

Report this user for behavior that violates our Community Guidelines.

Details: